| 000 | 01318nam a22002057a 4500 | ||
|---|---|---|---|
| 003 | NALT | ||
| 005 | 20251021103817.0 | ||
| 008 | s2551 th tha d | ||
| 040 | _aNALT | ||
| 041 | _atha | ||
| 090 |
_aKF 53.6 _bป621พ 2551 |
||
| 100 | 0 |
_aปิยะดา ศิลปอาชา _921055 |
|
| 245 | 1 | 0 |
_aพัฒนาการของการป้องกันและปราบปรามการทุจริตและปัญหาในการอนุวัติการอนุสัญญาสหประชาชาติเพื่อต่อต้านการทุจริต ค.ศ. 2003 / _cปิยะดา ศิลปอาชา. |
| 260 |
_aกรุงเทพฯ : _bมหาวิทยาลัยธรรมศาสตร์, _c2551. |
||
| 300 |
_a168 หน้า ; _b _c30 ซม. |
||
| 650 | 4 |
_aการทุจริตและประพฤติมิชอบ _928425 _xการป้องกันและปราบปราม _xแง่กฎหมายระหว่างประเทศ _xวิจัย |
|
| 653 | 4 | _aอนุสัญญาสหประชาชาติเพื่อการต่อต้านการทุจริต ค.ศ. 2003 | |
| 850 | _aNALT | ||
| 942 |
_cRSH _2local |
||
| 999 |
_c74207 _d74207 |
||
| 998 |
_j104 _k นางสาวสายฝน ดีงาม |
||